| 000 | 00000nam##2200000za#4500 |
| 001 | 9.651524 |
| 003 | CaOODSP |
| 005 | 20210615115036 |
| 007 | ta |
| 008 | 150407|2009||||xxc||||| f|0| 0 eng|d |
| 020 | |a978-1-100-12137-6 |
| 040 | |aCaOODSP|beng |
| 043 | |an-cn--- |
| 086 | 1 |aHS38-16/7-2009E |
| 110 | 1 |aCanada. |bHuman Resources and Skills Development Canada. |
| 245 | 10|aVocabulary building workbook / |c[issued by the] Office of Literacy and Essential Skills. |
| 260 | |aGatineau - Quebec : |bHuman Resources and Skills Development Canada |cc2009. |
| 300 | |a265p. ; |c28 cm. |
| 500 | |a"This workbook is designed to help you improve your vocabulary. It includes 24 lessons with a variety of exercises to help you learn new words commonly used in the Canadian workplace." - on cover. |
| 520 | 3 |aDesigned to help you improve your vocabulary. It includes 24 lessons with a variety of exercises to help you learn new words commonly used in the Canadian workplace. |
| 563 | |aSoftcover |
| 590 | |a10-01|b2010-01-08 |
| 690 | 07|aTerminology|2gcpds |
| 775 | 08|tCahier d'exercices d'acquisition de vocabulaire / |w(CaOODSP)9.684548 |
| 776 | 0#|tVocabulary building workbook / |w(CaOODSP)9.692001 |
| 986 | |aWP-102-02-09E |